1196 1657 1340 1567 1043 1767 1741 1849 1951 1143 1430 1456 1886 1046 1621 1126 1990 1638 1160 1474 1778 1004 1189 1243 1415 1093 1726 1200 1594 1682 1127 1031 1591 1447 1875 1955 1162 1170 1812 1492 1799 1072 1135 1135 1520 1944 1625 1765 1645 1968 1134 1170 1881 1649 1754 1920 1726 1076 1265 1590 1028 1432 1509 1870 1410 1672 1758 1841 1183 1331 1631 1489 1243 1218 1776 1294 1341 1457 1924 1003 1162 1878 1517 1560 1208 1637 1142 1195 1690 1896 1221 1269 1916 1413 1052 1172 1091 1136 1769 BCNSPRNW ULIB Ver.6.0+V

เปลี่ยนเป็นภาษาไทย

Change to English
 แสดงรายละเอียดบรรณานุกรม
  กลับหน้าหลัก

Brief Record : Get Marc (ISO 2709) : E-mail record : QR code < ปิดหน้าต่าง
LEADER : 00000nam 2200000uu 4500
001    13399124345
003     ULIB
008    150511s2554||||th 000 0 tha d
020    ^a9786162141904
099    ^aนว ว257อ
100    ^aวรรณวรรธน์
245    ^aอขิทโร อุบัติมหาคุรเทวา เล่ม
250    ^aพิมพ์ครั้งที่ 1
260    ^aกรุงเทพฯ :^bณ บ้านวรรณกรรม กรุ๊ป,^c2554
300    ^a282 หน้า
650    ^aวรรณวรรธน์^xนิยาย
945    ^p240^l0^i039389
999    ^aเกษร โพธิ์สุวรรณ
รายการนี้ยังไม่มีแท็ก
คุณยังไม่ได้ล็อกอิน คุณสามารถมีกิจกรรมร่วมกับเว็บไซต์ได้ แต่ต้องล็อกอินก่อน ::
  ล็อกอิน

รายการสื่อสารสนเทศ

ลำดับที่ ประเภท เลขเรียก/บาร์โค้ด สถานที่ สถานะ
1. นวนิยาย
นวนิยาย
นว ว257อ ฉ.1 
  Barcode: 039389
ห้องสมุดวิทยาเขตสวรรค์ประชารักษ์
►นวนิยาย
บนชั้น
  ขอยืม

รายการใกล้เคียง
    ผู้แต่ง [วรรณวรรธน์]

BibComment


ยังไม่เคยถูกคอมเมนท์

คอมเมนท์ทรัพยากรรายการนี้
  คอมเมนท์: อขิทโร อุบัติมหา..


 Copyright 2026. Bcnsprnw @Library